LEADER 01947nam a2200253 4500 001 000000332763 003 CaOOAMICUS 005 20190312142147.0 008 190312s1668 ne 000 u fre r 026 $an-n- eses rei- tatr (3) 1668 (R) 040 $aSeMil$bita 100 1 $aThomassin, Louis ,$d<1619-1695>.$0(OLS)http://semarc/name/606 245 00$aSecond memoire sur la grace: ou l'on fait voir la conformité de la doctrine du Premiere memoire touchant la grace actuelle, l'habituelle, & la tres-efficace, avec les sentimens de s. Anselme, de s. Bernard, de s. Thomas, de s. Bonaventure, ... 264 1$aA Louvain :$bChez Louis Du Prat, à l' Enfeigne du Printemps,$c1668. 300 $a[5], 550 p. ;$c12° 500 $aSegn.: a-z? 710 0 $aDu Prat, Louis$c.$0(OLS)http://semarc/name/109124 752 $aBE$dLovanio 773 0 $aThomassin, Louis <1619-1695>$tMémoires sur la grâce, où l'on représente les sentimens de S. Augustin et des autres Pères grecs et latins, de S. Thomas et de presque tous les théologiens jusques au concile de Trente; et depuis ce concile, des plus célèbres docteurs des universitez d'Italie, de France, d'Espagne, d'Alemagne, des Païs-bas et d'Angleterre, dictez en l'année 1668, au séminaire de S. Magloire à Paris par le R.P.*** ...$dA Louvain : Chez Louis Du Prat, à l' Enfeigne du Printemps, 1668.$w()332759 850 $aSeMil 852 $aSeMil$W1$xVenegono$y1$m3X I 14 FA$j211547$B224996$CSeMilBibl$Z2$F224996 $8I 996 $6245$aSecond memoire sur la grace: ou l'on fait voir la conformité de la doctrine du Premiere memoire touchant la grace actuelle, l'habituelle, & la tres-efficace, avec les sentimens de s. Anselme, de s. Bernard, de s. Thomas, de s. Bonaventure, ...$9(OLS)http://semarc/title/421847 996 $6264$aA Louvain :$bChez Louis Du Prat, à l' Enfeigne du Printemps$9(OLS)http://semarc/publisher/58124 LEADER 00850nam a2200205 i 4500 001 000000043684 003 CaOOAMICUS 005 20120726000000.0 008 120726s1866 xx u000 u fre u 013 $a14854 040 $aSeMil$bita 100 1 $aGuizot, François,$d<1787-1874>.$0(OLS)http://semarc/name/3308 245 10$aMéditations sur l'état actuel de la religion chrètienne /$cpar M. Guizot. 260 $aParis :$bMichel Lévy frères,$c1866. 300 $aXIV, 376 p. ;$c23 cm. 650 4$aCristianesimo.$0(OLS)http://semarc/subject/425 850 $aSeMil 852 $aSeMil$W1$xVenegono$y1$m2B III 52 FA$j9839$B9839$CSeMilBibl$Z2$F9839 $8I 996 $6245$aMéditations sur l'état actuel de la religion chrètienne$9(OLS)http://semarc/title/64303 996 $6260$aParis :$bMichel Lévy frères$9(OLS)http://semarc/publisher/36634